000 00747nam a2200157 a 4500
008 130925s2010 ||||||||||||||||| || u
020 _a9789211283570
050 _aUNESCWA(05)BISAC/7
110 _aUnited Nations Economic and Social Commission for Western Asia
245 1 1 _a Bulletin of industrial statistics for Arab countries 2004-2010 (7th issue)
_cby United Nations Economic and Social Commission for Western Asia
250 _a7th
260 _aBeirut:
_bUnited Nations Economic and Social Commission for Western Asia
_c2010
300 _axvii, 219p.: ill.
650 _aINDUSTRIAL STATISTICS
995 _FCBU-MAIN LIBRARY (Kitwe)
_M1
_UAVAILABLE
_WSep 26, 2013
_ZInternational Publications
999 _c36353
_d36353